Modern european and chinese contract law: a comparative syudy of party autonomy

Saved in:
Bibliographic Details
Main Author: Fu, Junwei (Author)
Format: Book
Language:English
Published: Alphen aan den Rijn Wolters Kluwer 2011
Edition:1a. ed
Subjects:
Tags: Add Tag
No Tags, Be the first to tag this record!

MARC

LEADER 00000cam a2200000 a 4500
001 UCC5791
003 CL-VaPUC
008 181031e20110000ne |||||||||||||||||eng|d
020 |a 9789041134592 
082 0 4 |a 346.4022  |b FU  |2 21 
100 0 |a Fu, Junwei  |e author  |9 600173 
245 1 0 |a Modern european and chinese contract law: a comparative syudy of party autonomy 
250 |a 1a. ed 
300 |a 190 p 
942 |c BK 
945 |d 20181031 17:21:00  |a dcastane 
260 |a Alphen aan den Rijn  |b Wolters Kluwer  |c 2011 
650 0 |a Derecho económico   |9 259197 
650 0 |a Contratos  |9 255153 
650 7 |a UNION EUROPEA  |2 CL-VaPUC  |9 600174 
651 0 |a China   |9 257545 
583 |a last modification  |c 20181031 17:21:00  |k Rodrigo Vera 
999 |c 372905  |d 372903 
952 |0 0  |1 0  |3 erd  |4 0  |6 346_402200000000000_FU_2011  |7 0  |8 A  |9 490787  |a BIBDER  |b BIBDER  |i 5510619  |l 2  |o 346.4022 FU 2011  |p 5510619  |r 2023-01-25  |s 2022-09-26  |w 2019-11-24  |y BK  |z Catalogado en:20181031  |k DER